Statistics for Country calling codes

Click here to take the quiz!

General Stats

  • This quiz has been taken 857 times
  • The average score is 7 of 28

Answer Stats

HintAnswer% Correct
USA, Canada+1
90%
United Kingdom+44
52%
Germany+49
46%
France+33
38%
Spain+34
34%
Netherlands+31
32%
Italy+39
32%
Switzerland+41
27%
Poland+48
27%
Austria+43
26%
Norway+47
26%
India+91
26%
Australia+61
23%
Russia, Kazakhstan+7
23%
China+86
22%
Japan+81
21%
Mexico+52
19%
Brazil+55
19%
New Zealand+64
19%
Argentina+54
18%
Chile+56
16%
Colombia+57
16%
Egypt+20
15%
Singapore+65
15%
South Korea+82
15%
Turkey+90
15%
South Africa+27
14%
Iran+98
13%

Score Distribution

Percentile by Number Answered

Percent of People with Each Score

Your Score History

You have not taken this quiz